I 7 Re di Roma - Statistics

Statistiche generali
  • Questo quiz è stato fatto 173 volte
  • Il punteggio medio è 6 su 7
Statistiche sulle risposte
Periodo Re % Corretto
753 - 716 a.C. Romolo
99%
640 - 616 a.C. Anco Marzio
88%
535 - 509 a.C. Tarquinio il Superbo
87%
715 - 673 a.C. Numa Pompilio
85%
616 - 579 a.C. Tarquinio Prisco
84%
673 - 641 a.C. Tullio Ostilio
69%
578 - 535 a.C. Servio Tullio
64%
Nessun quiz corrispondente trovato
Distribuzione punteggi
Percentuale di utenti per punteggio
Percentile per numero di risposta
I tuoi punteggi nel tempo
Non hai fatto questo quiz